LEADER 01011nam0-2200277 --450 001 9910733898403321 005 20230719124858.0 010 $a978-88-916-5306-2 100 $a20230719d2022----kmuy0itay5050 ba 101 0 $aita$cita 102 $aIT 105 $a 001yy 200 1 $a<>disciplina del commercio e dell'artigianato$emanuale operativo per la gestione di procedure, adempimenti e controlli amministrativi$econ formulario online$fSaverio Linguanti, Roberta de Benedetto 210 $aSantarcangelo di Romagna$cMaggioli$d2022 215 $a523 p.$d24 cm 225 1 $aCommercio & attivitą economiche$v8 300 $aContiene requisiti per l'accesso a risorse online 700 1$aLinguanti,$bSaverio$0428437 701 1$aDe Benedetto,$bRoberta$01370332 801 0$aIT$bUNINA$gREICAT$2UNIMARC 901 $aBK 912 $a9910733898403321 952 $aVIII G 360$b2023/522$fFGBC 959 $aFGBC 996 $aDisciplina del commercio e dell'artigianato$93398567 997 $aUNINA